| 000 | 00570nam a2200193 a 4500 | ||
|---|---|---|---|
| 999 |
_c4262 _d4262 |
||
| 001 | 8070 | ||
| 003 | BD-DhUAP | ||
| 005 | 20201202105946.0 | ||
| 008 | 201104s2003 ii 000 0 eng d | ||
| 040 |
_aEXC _cEXC _dORU _dBAKER _dBD-DhUAP _bEng |
||
| 082 | 0 | 0 |
_a516.06 KHA _223 |
| 100 | _aKhanna, M.L. | ||
| 245 | 1 | 0 |
_aSolid geometry : _bco-ordinate geometry of three dimensions... / _cM.L. Khanna. |
| 250 | _a19th ed. | ||
| 260 |
_aMeerut : _bJai Prakash Nath & Co., _cc2003. |
||
| 300 |
_avarious pages : _billustrations ; _c22 cm. |
||
| 650 | _aGeometry. | ||
| 942 |
_2ddc _cBK |
||